| 000 | 00818nam a2200241 a 4500 | ||
|---|---|---|---|
| 001 | 000016989 | ||
| 005 | 20250311114825.0 | ||
| 008 | 100312s1998 dr a 000 0 spa d | ||
| 040 |
_aDO-SdBNP _bspa _cBNPHU |
||
| 082 |
_a346.0134 _bA357b |
||
| 100 | 1 |
_aAldebot Reyes, Nelsy _937530 |
|
| 245 | 1 | 0 |
_aBelleza y fortaleza : Caminos hacia el empoderamiento : _bApuntes sobre metodología para el trabajo con mujeres / _cNelsy Aldebot Reyes. |
| 260 |
_aSanto Domingo : _bBúho, _c1998. |
||
| 300 |
_a51 p. : _bil. ; _c21 cm. |
||
| 490 | 1 | _aMujer y salud | |
| 504 | _aIncluye bibliografías [p.51] | ||
| 650 | 0 |
_aFeminismo _92525 |
|
| 650 | 0 |
_aDerechos de la mujer _92527 |
|
| 650 | 4 |
_aMujer _xConducta sexual _937531 |
|
| 650 | 4 |
_aAutorrealización en la mujer _937532 |
|
| 830 | 0 |
_aMujer y salud _937533 |
|
| 049 | _aBNPD | ||
| 999 |
_c16517 _d16517 |
||